Statistics for Clocks - Coldplay - All Lyrics

Click here to take the quiz!

General Stats

  • This quiz has been taken 45 times
  • The average score is 132 of 167

Answer Stats

Answer% Correct
A
100%
a
100%
I
100%
lights
100%
an
97%
be
97%
Oh,
97%
out
97%
out,
97%
The
97%
the
97%
can't
94%
go
94%
my
94%
and
91%
And
91%
to
91%
you
91%
(You
91%
You
91%
knees
88%
of
88%
saved
88%
that
88%
beg,
85%
beg
85%
clocks,
85%
against
82%
are)
82%
are
82%
me
82%
Singin'
79%
singin'
79%
singin’
79%
am
76%
Am
76%
come
76%
Come
76%
down
76%
not
76%
swim
76%
tried
76%
head,
74%
off
74%
plead,
74%
tickin'
74%
nothin'
71%
Tides
71%
upon
71%
disease?
68%
else
68%
Or
68%
part
68%
cure?
65%
Have
65%
home,
65%
home
65%
Home
65%
Home,
65%
trouble
65%
where
65%
apple
62%
compares
62%
know,
62%
named
62%
never
62%
Shoot
62%
tiger's
62%
back
59%
Closin'
59%
could
59%
walls
59%
take
56%
tamed,
56%
waitin'
56%
opportunities
53%
seas
53%
things
53%
unsaid
53%
wanted
53%
brought
50%
Confusion
50%
gonna
50%
now
50%
stop,
50%
stops
50%
Cursed
47%
missed
47%

Score Distribution

Percentile by Number Answered

Percent of People with Each Score

Your Score History

You have not taken this quiz